logo

Bir Sreshtho Munshi Abdur Rouf Library
Jhenaidah Cadet College

বীরশ্রেষ্ঠ মতিউর রহমান স্মারকগ্রন্থ / (Record no. 12998)

MARC details
000 -LEADER
fixed length control field 00839nam a2200253 a 4500
001 - CONTROL NUMBER
JCCL Control Number 12998
003 - CONTROL NUMBER IDENTIFIER
JCCL marc code BD-JhCC
005 - DATE AND TIME OF LATEST TRANSACTION
control field 20230612094812.0
008 - FIXED-LENGTH DATA ELEMENTS--GENERAL INFORMATION
fixed length control field 230612s20172005bg a|||| ||a| 00| 0 ben d
020 ## - INTERNATIONAL STANDARD BOOK NUMBER
International Standard Book Number 9843230787
035 ## - SYSTEM CONTROL NUMBER
system control number (BD-JhCC)690
040 ## - CATALOGING SOURCE
Original cataloging agency BD-JhCC
Modifying agency BD-JhCC
041 ## - LANGUAGE CODE
Language code of Book ben
082 ## - DEWEY DECIMAL CLASSIFICATION NUMBER
Classification number 920
Author mark and Year BIR 2017
245 ## - TITLE STATEMENT
Title বীরশ্রেষ্ঠ মতিউর রহমান স্মারকগ্রন্থ /
Statement of responsibility, etc সম্পাদনায় মিলি রহমান
260 ## - PUBLICATION, DISTRIBUTION, ETC. (IMPRINT)
Place of publication, distribution, etc ঢাকা :
Name of publisher, distributor, etc জনপ্রিয়,
Date of publication, distribution, etc ২০১৭
300 ## - PHYSICAL DESCRIPTION
Pagination 348 p. :
Other physical details ills;
Dimensions 26 cm.
504 ## - BIBLIOGRAPHY, ETC. NOTE
Bibliography, etc Includes biblography
600 ## - SUBJECT ADDED ENTRY--PERSONAL NAME
Personal name Rahaman, Birsrestha Motiur
650 ## - SUBJECT ADDED ENTRY--TOPICAL TERM
Topical term or geographic name as entry element Liberation war
General subdivision History
Chronological subdivision 1971
Geographic subdivision Bangladesh
700 ## - ADDED ENTRY--PERSONAL NAME
Personal name রহমান, মিলি
942 ## - ADDED ENTRY ELEMENTS (KOHA)
Source of classification or shelving scheme Dewey Decimal Classification
Koha item type Books
Koha issues (borrowed), all copies 1
Holdings
Source of classification or shelving scheme Damaged status Not for loan Home library Current library Shelving location Date of accession Cost, normal purchase price Total Checkouts Full call number Barcode Date last seen Copy number Method of acquisition Koha item type Currency
Dewey Decimal Classification     JCC Rouf Library JCC Rouf Library General Stacks 06/12/2023 324.00   920 BIR 2017 17540 06/12/2023 C-1 Gift/Donation Books BDT

JCC Library | Contacts | JCC Home

Last Update on 23 September 2017
Copyright @ 2017-2020 JCC Rouf Library
Rouf Library, Jhenidah Cadet College (JCC), Bangladesh